Action Movie Title Match-Up Quiz Stats

 Plays Quiz Updated Aug 15, 2016

Challenge
Share
Tweet
Score 0/30 Timer 04:00
1 Play Today
% Correct
The Bourne
97.9%
Lethal
97.6%
Gone in
97.1%
Total
96.9%
Die
96.7%
Enemy of
96.1%
You Only
95.9%
Once Upon
95.7%
Con
95.5%
Smokey and
94.9%
The French
93.7%
Point
93.6%
The Long Kiss
92.7%
Escape from
92.5%
Sudden
91.9%
% Correct
Under
91.6%
True
91.5%
Patriot
90.7%
Léon:
89.8%
Enter
89.2%
John
88.4%
First
88.1%
Death
86.9%
House of
84.5%
Hard
84%
The Cannonball
83.7%
Road
82.4%
Kung Fu
77.6%
Killer
72.5%
Attack
72%

You're not logged in!

Compare scores with friends on all Sporcle quizzes.
OR
Log In

You Might Also Like...

Show Comments

Extras

Top Quizzes Today


Score Distribution

Your Account Isn't Verified!

In order to create a playlist on Sporcle, you need to verify the email address you used during registration. Go to your Sporcle Settings to finish the process.

Report this User

Report this user for behavior that violates our Community Guidelines.

Details: